000 00719nam a22001577a 4500
003 OSt
005 20151205161348.0
008 151205b xxu||||| |||| 00| 0 eng d
040 _cRUA
082 _aATM ទូច 1990 B188 Or.1
100 _94360
_aទូច គឹមឆាន
245 _aការរៀបចំជួសជុល និងថែទាំបច្ចេកទេសក្នុងរោងជាងម៉ាស៊ីនលសិកម្មខេត្តកំពត ឧបករណ៍ដោះនិងដាក់ដំណឬការភ្ជាប់ដោយប្រើកលាំងសង្កត់
260 _aPhnom Penh
_bRUA
_c1990
300 _a91p.
_bill.
_c29cm.
942 _2ddc
_cATM
999 _c4064
_d4064